الأصول العقدية للإمامية : دراسة نقدية لعقائد غلاة الشيعة / (رقم التسجيلة. 93263)

تفاصيل مارك
000 -الفاتح
عناصر البيانات ثابتة الطول 00793cam a2200217 i 4500
005 - تاريخ ووقت آخر معاملة
حقل ضبط 20251208102737.0
008 - عناصر البيانات ثابتة الطول
عناصر البيانات ثابتة الطول 250721s2004 ua gr 000 0 ara d
082 14 - رقم تصنيف ديوي العشري
رقم التصنيف 215.222
رقم المادة ط ع ي
100 1# - مدخل رئيسي – اسم شخصي
الاسم الشخصي طعيمة، صابر
علاقة الشخص بالعمل/ دوره مؤلف.
245 12 - بيان العنوان
العنوان الأصول العقدية للإمامية : دراسة نقدية لعقائد غلاة الشيعة /
بيان المسؤولية تاليف الدكتور صابر طعيمه.
250 ## - بيان الطبعة
بيان الطبعة الطبعه الاولى.
264 1# - بيانات النشر، التوزيع…إلخ
مكان النشر، التوزيع...إلخ القاهرة :
اسم الناشر، الموزع...إلخ مكتبة مدبولي،
تاريخ النشر، التوزيع...إلخ 2004.
300 ## - الوصف المادي
عدد الوحدات المكونة للوعاء 324صفحه.
650 17 - مدخل إضافي بالموضوع - مصطلح موضوعي
مصطلح موضوعي أو اسم جغرافي كعنصر مدخل الإسلام.
650 17 - مدخل إضافي بالموضوع - مصطلح موضوعي
مصطلح موضوعي أو اسم جغرافي كعنصر مدخل الفرق الإسلامية.
650 17 - مدخل إضافي بالموضوع - مصطلح موضوعي
مصطلح موضوعي أو اسم جغرافي كعنصر مدخل الإمامية.
650 17 - مدخل إضافي بالموضوع - مصطلح موضوعي
مصطلح موضوعي أو اسم جغرافي كعنصر مدخل العقيدة الإسلامية.
650 17 - مدخل إضافي بالموضوع - مصطلح موضوعي
مصطلح موضوعي أو اسم جغرافي كعنصر مدخل الشيعة
942 ## - بيانات إضافية (كوها)
نوع التنصيف Dewey Decimal Classification
نوع المادة (كوها) كتب
المقتنيات
حالة السحب حالة الفقدان مصدر التصنيف حالة التلف غير قابل للإعارة المكتبة الرئيسية المكتبة الحالية موقع الرف تاريخ التزويد الرقم المتسلسل Total Checkouts رقم الإستدعاء الباركود تاريخ آخر ظهور تاريخ الفاتورة نوع المادة (كوها)
    Dewey Decimal Classification     المكتبة المركزية المكتبة المركزية الإعارة 28/07/2025 829347   215.222 / ط ع ي 829347 28/07/2025 28/07/2025 كتب
Implemented & Customized by: BBB with SCIT (Smart Chains for Information Technology)

Powered by Koha